[Event "Deutsche Ländermeisterschaft 2018"]
[Site "Würzburg GER"]
[Date "2018.10.07"]
[Round "7"]
[White "Parvanyan, Ashot"]
[Black "Kuznecovs, Nikita"]
[Result "1-0"]
[Termination "normal"]
[Board "3.1"]
[WhiteTitle "FM"]
[WhiteElo "2428"]
[BlackElo "2186"]
[WhiteClock "00:04:51"]
[BlackClock "00:21:17"]
[WhiteTeam "Schleswig-Holstein"]
[BlackTeam "Thüringen"]
[PlyCount "143"]
[WhiteFideId "13307550"]
[BlackFideId "11604557"]
[EventCountry "GER"]
[EventRounds "7"]
[EventType "team-swiss"]
[EventDate "2018.10.02"]

1. Nf3 {[%clk 1:30:43]} Nf6 {[%clk 1:30:38]} 2. c4 {[%clk 1:30:49]} e6 {[%clk
1:30:56]} 3. g3 {[%clk 1:31:09]} d5 {[%clk 1:31:15]} 4. Bg2 {[%clk 1:31:01]}
dxc4 {[%clk 1:31:33]} 5. O-O {[%clk 1:31:14]} a6 {[%clk 1:31:52]} 6. Qc2 {[%clk
1:31:21]} b5 {[%clk 1:32:11]} 7. Ne1 {[%clk 1:30:35]} Nd5 {[%clk 1:31:51]} 8.
d3 {[%clk 1:30:17]} cxd3 {[%clk 1:32:03]} 9. Nxd3 {[%clk 1:30:40]} Bb7 {[%clk
1:32:25]} 10. Nc3 {[%clk 1:30:34]} Be7 {[%clk 1:08:42]} 11. Nxd5 {[%clk
1:28:21]} Bxd5 {[%clk 0:56:56]} 12. Bxd5 {[%clk 1:26:02]} Qxd5 {[%clk 0:54:07]}
13. Be3 {[%clk 1:14:31]} Bd6 {[%clk 0:47:59]} 14. Rfd1 {[%clk 1:11:09]} O-O
{[%clk 0:31:30]} 15. Nc5 {[%clk 1:07:44]} Qf5 {[%clk 0:27:06]} 16. Qxf5 {[%clk
1:00:00]} exf5 {[%clk 0:27:33]} 17. Rac1 {[%clk 0:56:36]} Re8 {[%clk 0:22:35]}
18. Nb7 {[%clk 0:45:48]} Nd7 {[%clk 0:21:37]} 19. Nxd6 {[%clk 0:36:38]} cxd6
{[%clk 0:22:00]} 20. Rxd6 {[%clk 0:36:15]} Ne5 {[%clk 0:22:18]} 21. b3 {[%clk
0:33:37]} Ng4 {[%clk 0:22:08]} 22. Bd4 {[%clk 0:33:35]} Rxe2 {[%clk 0:21:15]}
23. Rxa6 {[%clk 0:32:58]} Rae8 {[%clk 0:17:05]} 24. Rac6 {[%clk 0:22:35]} Rxa2
{[%clk 0:07:31]} 25. Rc8 {[%clk 0:22:53]} Ra8 {[%clk 0:07:54]} 26. Rxe8+ {[%clk
0:22:17]} Rxe8 {[%clk 0:08:22]} 27. Rc5 {[%clk 0:21:00]} Rb8 {[%clk 0:06:36]}
28. f3 {[%clk 0:16:46]} Nf6 {[%clk 0:06:32]} 29. Bxf6 {[%clk 0:16:06]} gxf6
{[%clk 0:07:01]} 30. Rxf5 {[%clk 0:16:25]} Rc8 {[%clk 0:06:24]} 31. Rxb5 {[%clk
0:09:21]} Rc2 {[%clk 0:06:47]} 32. h4 {[%clk 0:08:50]} Kg7 {[%clk 0:06:59]} 33.
Kf1 {[%clk 0:04:43]} Rb2 {[%clk 0:06:32]} 34. Rb8 {[%clk 0:01:29]} h5 {[%clk
0:03:40]} 35. b4 {[%clk 0:00:57]} f5 {[%clk 0:03:55]} 36. Rb6 {[%clk 0:00:36]}
f6 {[%clk 0:03:44]} 37. b5 {[%clk 0:00:32]} Kg6 {[%clk 0:03:37]} 38. f4 {[%clk
0:00:32]} Kg7 {[%clk 0:02:14]} 39. Rb7+ {[%clk 0:00:38]} Kg6 {[%clk 0:02:36]}
40. Rb8 {[%clk 0:00:51]} Kf7 {[%clk 0:02:48]} 41. b6 {[%clk 0:30:04]} Kg7
{[%clk 0:32:50]} 42. Ke1 {[%clk 0:25:51]} Kf7 {[%clk 0:29:34]} 43. Kd1 {[%clk
0:24:00]} Ke6 {[%clk 0:27:06]} 44. b7 {[%clk 0:19:47]} Kd7 {[%clk 0:27:13]} 45.
Rf8 {[%clk 0:18:46]} Rxb7 {[%clk 0:27:32]} 46. Rxf6 {[%clk 0:18:54]} Rb3 {[%clk
0:27:36]} 47. Rg6 {[%clk 0:19:09]} Rb2 {[%clk 0:27:16]} 48. Ke1 {[%clk
0:14:49]} Ke7 {[%clk 0:25:54]} 49. Kf1 {[%clk 0:14:42]} Kf7 {[%clk 0:23:50]}
50. Rh6 {[%clk 0:14:37]} Kg7 {[%clk 0:24:02]} 51. Rxh5 {[%clk 0:15:02]} Rb5
{[%clk 0:24:26]} 52. Ke2 {[%clk 0:11:05]} Ra5 {[%clk 0:24:25]} 53. Rg5+ {[%clk
0:10:02]} Kf7 {[%clk 0:24:26]} 54. Kf3 {[%clk 0:07:02]} Ra3+ {[%clk 0:24:08]}
55. Kg2 {[%clk 0:07:28]} Ra2+ {[%clk 0:24:28]} 56. Kh3 {[%clk 0:07:21]} Ra5
{[%clk 0:24:50]} 57. h5 {[%clk 0:06:55]} Kf6 {[%clk 0:22:15]} 58. Rg6+ {[%clk
0:06:49]} Kf7 {[%clk 0:22:10]} 59. Kh4 {[%clk 0:07:00]} Ra3 {[%clk 0:22:18]}
60. Rb6 {[%clk 0:05:59]} Kg7 {[%clk 0:22:11]} 61. h6+ {[%clk 0:01:47]} Kf7
{[%clk 0:20:20]} 62. h7 {[%clk 0:01:52]} Kg7 {[%clk 0:20:12]} 63. h8=Q+ {[%clk
0:02:01]} Kxh8 {[%clk 0:20:29]} 64. Rb5 {[%clk 0:02:27]} Kg7 {[%clk 0:20:07]}
65. Rxf5 {[%clk 0:02:51]} Kg6 {[%clk 0:20:27]} 66. Rb5 {[%clk 0:03:14]} Ra6
{[%clk 0:20:39]} 67. g4 {[%clk 0:03:02]} Kf6 {[%clk 0:20:22]} 68. g5+ {[%clk
0:03:17]} Kg6 {[%clk 0:20:40]} 69. f5+ {[%clk 0:03:41]} Kg7 {[%clk 0:20:59]}
70. Rb7+ {[%clk 0:04:06]} Kg8 {[%clk 0:21:20]} 71. Kh5 {[%clk 0:04:30]} Rc6
{[%clk 0:21:17]} 72. f6 {[%clk 0:04:51]} 1-0

[Event "Deutsche Ländermeisterschaft 2018"]
[Site "Würzburg GER"]
[Date "2018.10.07"]
[Round "7"]
[White "Svane, Frederik"]
[Black "Philipp, Mathias"]
[Result "1-0"]
[Termination "normal"]
[Board "3.3"]
[WhiteElo "2287"]
[BlackElo "2076"]
[WhiteClock "00:12:08"]
[BlackClock "00:09:35"]
[WhiteTeam "Schleswig-Holstein"]
[BlackTeam "Thüringen"]
[PlyCount "145"]
[WhiteFideId "12923044"]
[BlackFideId "12958883"]
[EventCountry "GER"]
[EventRounds "7"]
[EventType "team-swiss"]
[EventDate "2018.10.02"]

1. e4 {[%clk 1:30:57]} e6 {[%clk 1:30:57]} 2. d4 {[%clk 1:31:16]} d5 {[%clk
1:31:23]} 3. Nd2 {[%clk 1:31:37]} Be7 {[%clk 1:31:49]} 4. Bd3 {[%clk 1:28:52]}
c5 {[%clk 1:32:08]} 5. Ngf3 {[%clk 1:26:36]} Nf6 {[%clk 1:32:20]} 6. dxc5
{[%clk 1:21:57]} dxe4 {[%clk 1:31:39]} 7. Nxe4 {[%clk 1:22:18]} Nxe4 {[%clk
1:32:05]} 8. Bxe4 {[%clk 1:22:34]} Qxd1+ {[%clk 1:32:33]} 9. Kxd1 {[%clk
1:22:50]} Bxc5 {[%clk 1:32:53]} 10. Ke2 {[%clk 1:22:51]} Nc6 {[%clk 1:32:21]}
11. Be3 {[%clk 1:21:19]} Bxe3 {[%clk 1:27:58]} 12. Kxe3 {[%clk 1:21:40]} Ke7
{[%clk 1:25:27]} 13. Rhd1 {[%clk 1:18:42]} Bd7 {[%clk 1:13:03]} 14. Rd2 {[%clk
1:13:49]} f6 {[%clk 1:04:29]} 15. Rad1 {[%clk 1:08:52]} Rad8 {[%clk 1:04:46]}
16. c4 {[%clk 1:05:52]} Na5 {[%clk 1:02:06]} 17. b3 {[%clk 1:05:30]} Bc6 {[%clk
1:01:50]} 18. Rxd8 {[%clk 1:03:21]} Rxd8 {[%clk 1:02:16]} 19. Rxd8 {[%clk
1:03:47]} Kxd8 {[%clk 1:02:42]} 20. Bxh7 {[%clk 1:02:19]} e5 {[%clk 0:51:13]}
21. g3 {[%clk 0:48:53]} Ke7 {[%clk 0:48:48]} 22. Nh4 {[%clk 0:40:38]} Bd7
{[%clk 0:35:12]} 23. Be4 {[%clk 0:37:06]} Nc6 {[%clk 0:33:09]} 24. f4 {[%clk
0:24:16]} exf4+ {[%clk 0:30:37]} 25. gxf4 {[%clk 0:24:36]} g5 {[%clk 0:27:11]}
26. Nf3 {[%clk 0:23:29]} g4 {[%clk 0:21:53]} 27. Nd4 {[%clk 0:23:30]} Kd6
{[%clk 0:17:31]} 28. a3 {[%clk 0:16:18]} a5 {[%clk 0:16:32]} 29. Kd3 {[%clk
0:15:07]} Bc8 {[%clk 0:10:49]} 30. Kc3 {[%clk 0:15:07]} Ne7 {[%clk 0:10:45]}
31. b4 {[%clk 0:12:50]} axb4+ {[%clk 0:11:05]} 32. axb4 {[%clk 0:13:12]} f5
{[%clk 0:10:47]} 33. Bd3 {[%clk 0:10:52]} b6 {[%clk 0:10:08]} 34. Nb5+ {[%clk
0:09:48]} Ke6 {[%clk 0:09:55]} 35. Nd4+ {[%clk 0:10:12]} Kd6 {[%clk 0:10:14]}
36. Kd2 {[%clk 0:10:08]} Bd7 {[%clk 0:10:00]} 37. Ke3 {[%clk 0:07:07]} Bc8
{[%clk 0:05:05]} 38. Nc2 {[%clk 0:02:58]} Bd7 {[%clk 0:04:26]} 39. Kd4 {[%clk
0:02:42]} Nc6+ {[%clk 0:04:35]} 40. Kc3 {[%clk 0:03:03]} Ne7 {[%clk 0:04:30]}
41. Kd2 {[%clk 0:23:18]} Ng6 {[%clk 0:29:28]} 42. Ke3 {[%clk 0:23:21]} Nh4
{[%clk 0:26:52]} 43. Ne1 {[%clk 0:23:00]} Ng6 {[%clk 0:27:00]} 44. Bf1 {[%clk
0:22:00]} Be6 {[%clk 0:24:20]} 45. Nc2 {[%clk 0:21:36]} Bd7 {[%clk 0:24:40]}
46. Nd4 {[%clk 0:21:34]} Bc8 {[%clk 0:20:48]} 47. h3 {[%clk 0:21:40]} gxh3
{[%clk 0:18:22]} 48. Bxh3 {[%clk 0:22:01]} Ne7 {[%clk 0:18:09]} 49. Bf1 {[%clk
0:21:27]} Bd7 {[%clk 0:18:12]} 50. Bd3 {[%clk 0:19:36]} Bc8 {[%clk 0:17:08]}
51. Kf2 {[%clk 0:13:19]} Bd7 {[%clk 0:16:55]} 52. Kg3 {[%clk 0:11:46]} Nc6
{[%clk 0:15:53]} 53. Nxc6 {[%clk 0:12:02]} Kxc6 {[%clk 0:15:59]} 54. Kh4 {[%clk
0:11:44]} Be6 {[%clk 0:14:35]} 55. Kg3 {[%clk 0:10:28]} Bd7 {[%clk 0:11:37]}
56. Kf2 {[%clk 0:10:37]} Kd6 {[%clk 0:12:01]} 57. Ke3 {[%clk 0:11:03]} Bc8
{[%clk 0:11:44]} 58. Kd4 {[%clk 0:11:28]} Bd7 {[%clk 0:12:11]} 59. c5+ {[%clk
0:11:22]} bxc5+ {[%clk 0:12:37]} 60. bxc5+ {[%clk 0:11:48]} Kc6 {[%clk
0:12:40]} 61. Bc4 {[%clk 0:12:10]} Bc8 {[%clk 0:12:06]} 62. Bd5+ {[%clk
0:11:42]} Kb5 {[%clk 0:12:24]} 63. c6 {[%clk 0:11:07]} Kb6 {[%clk 0:12:50]} 64.
Ke5 {[%clk 0:11:24]} Kc7 {[%clk 0:13:08]} 65. Be6 {[%clk 0:11:35]} Ba6 {[%clk
0:11:51]} 66. Bd7 {[%clk 0:12:01]} Bd3 {[%clk 0:07:50]} 67. Bxf5 {[%clk
0:12:24]} Bf1 {[%clk 0:07:55]} 68. Bd7 {[%clk 0:12:48]} Bg2 {[%clk 0:08:17]}
69. f5 {[%clk 0:11:06]} Bh3 {[%clk 0:08:34]} 70. f6 {[%clk 0:11:30]} Bxd7
{[%clk 0:08:54]} 71. cxd7 {[%clk 0:11:26]} Kxd7 {[%clk 0:09:15]} 72. Kf5 {[%clk
0:11:41]} Ke8 {[%clk 0:09:35]} 73. Ke6 {[%clk 0:12:08]} 1-0

[Event "Deutsche Ländermeisterschaft 2018"]
[Site "Würzburg GER"]
[Date "2018.10.07"]
[Round "7"]
[White "Grund, Sebastian"]
[Black "Kopylov, Daniel"]
[Result "0-1"]
[Termination "normal"]
[Board "3.4"]
[WhiteElo "1992"]
[BlackElo "2192"]
[WhiteClock "00:29:04"]
[BlackClock "00:13:24"]
[WhiteTeam "Thüringen"]
[BlackTeam "Schleswig-Holstein"]
[PlyCount "50"]
[WhiteFideId "12988626"]
[BlackFideId "12921971"]
[EventCountry "GER"]
[EventRounds "7"]
[EventType "team-swiss"]
[EventDate "2018.10.02"]

1. d4 {[%clk 1:30:56]} Nf6 {[%clk 1:30:48]} 2. Nf3 {[%clk 1:31:17]} d5 {[%clk
1:30:52]} 3. c4 {[%clk 1:31:38]} e6 {[%clk 1:29:02]} 4. g3 {[%clk 1:32:01]}
Bb4+ {[%clk 1:29:23]} 5. Bd2 {[%clk 1:32:21]} Bd6 {[%clk 1:29:09]} 6. Bg2
{[%clk 1:32:32]} O-O {[%clk 1:29:18]} 7. Nc3 {[%clk 1:31:43]} c6 {[%clk
1:28:06]} 8. O-O {[%clk 1:30:34]} Nbd7 {[%clk 1:27:37]} 9. Qc2 {[%clk 1:30:29]}
dxc4 {[%clk 1:27:13]} 10. e4 {[%clk 1:26:41]} e5 {[%clk 1:25:15]} 11. Ne2
{[%clk 1:13:41]} Re8 {[%clk 1:15:24]} 12. Rfd1 {[%clk 1:11:00]} Qe7 {[%clk
1:12:48]} 13. Bc3 {[%clk 1:07:50]} exd4 {[%clk 0:59:02]} 14. Nexd4 {[%clk
1:05:47]} Ne5 {[%clk 0:50:16]} 15. Nxe5 {[%clk 0:59:05]} Bxe5 {[%clk 0:50:08]}
16. Re1 {[%clk 0:57:29]} Qc5 {[%clk 0:36:29]} 17. Rad1 {[%clk 0:51:21]} Bg4
{[%clk 0:34:55]} 18. f3 {[%clk 0:49:46]} Rad8 {[%clk 0:33:59]} 19. Qf2 {[%clk
0:48:39]} Bc8 {[%clk 0:33:11]} 20. h3 {[%clk 0:38:20]} Bc7 {[%clk 0:27:15]} 21.
Nc2 {[%clk 0:34:30]} Qxf2+ {[%clk 0:17:11]} 22. Kxf2 {[%clk 0:34:47]} b5 {[%clk
0:13:51]} 23. Nb4 {[%clk 0:29:30]} Bb7 {[%clk 0:13:46]} 24. e5 {[%clk 0:28:58]}
Bb6+ {[%clk 0:13:13]} 25. Kf1 {[%clk 0:29:04]} Nh5 {[%clk 0:13:24]} 0-1

[Event "Deutsche Ländermeisterschaft 2018"]
[Site "Würzburg GER"]
[Date "2018.10.07"]
[Round "7"]
[White "Nguyen, Alex Dac-Vuong"]
[Black "Wagner, Leopold Franziskus"]
[Result "1-0"]
[Termination "normal"]
[Board "4.4"]
[WhiteElo "2240"]
[BlackElo "1941"]
[WhiteClock "00:25:01"]
[BlackClock "01:05:12"]
[WhiteTeam "Sachsen 1"]
[BlackTeam "Nordrhein-Westfalen"]
[PlyCount "95"]
[WhiteFideId "12984388"]
[BlackFideId "1641581"]
[EventCountry "GER"]
[EventRounds "7"]
[EventType "team-swiss"]
[EventDate "2018.10.02"]

1. e4 {[%clk 1:30:56]} c6 {[%clk 1:30:55]} 2. d4 {[%clk 1:31:13]} d5 {[%clk
1:31:21]} 3. exd5 {[%clk 1:31:38]} cxd5 {[%clk 1:31:46]} 4. c4 {[%clk 1:32:04]}
Nf6 {[%clk 1:31:56]} 5. Nc3 {[%clk 1:32:29]} Nc6 {[%clk 1:32:22]} 6. Bg5 {[%clk
1:32:51]} Ne4 {[%clk 1:32:24]} 7. cxd5 {[%clk 1:10:43]} Nxc3 {[%clk 1:31:11]}
8. bxc3 {[%clk 1:11:05]} Qxd5 {[%clk 1:31:36]} 9. Bf4 {[%clk 1:06:08]} g6
{[%clk 1:25:51]} 10. Nf3 {[%clk 1:05:16]} Bg7 {[%clk 1:22:09]} 11. Be2 {[%clk
1:03:48]} O-O {[%clk 1:20:15]} 12. O-O {[%clk 1:03:40]} Bg4 {[%clk 1:17:13]}
13. Re1 {[%clk 0:58:27]} Na5 {[%clk 1:17:00]} 14. Qa4 {[%clk 0:52:36]} Rac8
{[%clk 1:15:47]} 15. Rab1 {[%clk 0:49:33]} Bd7 {[%clk 1:09:17]} 16. Qb4 {[%clk
0:49:36]} e6 {[%clk 1:08:21]} 17. Ne5 {[%clk 0:40:55]} Bxe5 {[%clk 1:02:20]}
18. Bxe5 {[%clk 0:32:15]} Nc6 {[%clk 1:01:31]} 19. Qxb7 Nxe5 {[%clk 1:01:50]}
20. Qxd5 {[%clk 0:32:43]} exd5 {[%clk 1:02:14]} 21. dxe5 {[%clk 0:33:08]} Rxc3
{[%clk 1:02:29]} 22. Rbd1 {[%clk 0:17:24]} Be6 {[%clk 1:02:43]} 23. Rd2 {[%clk
0:17:48]} Rfc8 {[%clk 1:02:55]} 24. Bd1 {[%clk 0:14:11]} a5 {[%clk 1:00:38]}
25. Bb3 {[%clk 0:14:27]} Kf8 {[%clk 0:58:33]} 26. Red1 {[%clk 0:10:59]} Rc1
{[%clk 0:56:25]} 27. Kf1 {[%clk 0:11:07]} Rxd1+ {[%clk 0:56:44]} 28. Rxd1
{[%clk 0:11:32]} Rc5 {[%clk 0:54:08]} 29. Rd4 {[%clk 0:08:57]} Ke7 {[%clk
0:53:58]} 30. f4 {[%clk 0:05:37]} Rc1+ {[%clk 0:48:25]} 31. Kf2 {[%clk
0:05:39]} f6 {[%clk 0:47:20]} 32. Ra4 {[%clk 0:03:25]} Rc5 {[%clk 0:47:29]} 33.
Ke3 {[%clk 0:03:15]} fxe5 {[%clk 0:46:47]} 34. fxe5 {[%clk 0:03:42]} Kd7 {[%clk
0:46:09]} 35. Rh4 {[%clk 0:03:03]} h5 {[%clk 0:46:06]} 36. Rd4 {[%clk 0:03:29]}
Ke7 {[%clk 0:42:07]} 37. h4 {[%clk 0:03:21]} Kf7 {[%clk 0:42:11]} 38. Rf4+
{[%clk 0:01:38]} Ke7 {[%clk 0:42:12]} 39. Rd4 {[%clk 0:02:05]} Rb5 {[%clk
0:40:43]} 40. g3 {[%clk 0:01:16]} Bg8 {[%clk 0:39:33]} 41. Kf4 {[%clk 0:23:54]}
Ke6 {[%clk 1:08:48]} 42. Rxd5 {[%clk 0:22:57]} Rxd5 {[%clk 1:09:00]} 43. Ke4
{[%clk 0:23:22]} Bh7 {[%clk 1:06:44]} 44. Bxd5+ {[%clk 0:23:37]} Ke7 {[%clk
1:07:10]} 45. Kf4 {[%clk 0:23:55]} Kf8 {[%clk 1:04:24]} 46. Kg5 {[%clk
0:24:11]} Kg7 {[%clk 1:04:49]} 47. a3 {[%clk 0:24:35]} a4 {[%clk 1:05:12]} 48.
Bc4 {[%clk 0:25:01]} 1-0

[Event "Deutsche Ländermeisterschaft 2018"]
[Site "Würzburg GER"]
[Date "2018.10.07"]
[Round "7"]
[White "Degenhard, Simon"]
[Black "Riehle, Marco"]
[Result "0-1"]
[Termination "normal"]
[Board "5.1"]
[WhiteTitle "FM"]
[BlackTitle "FM"]
[WhiteElo "2235"]
[BlackElo "2265"]
[WhiteClock "00:07:49"]
[BlackClock "00:40:55"]
[WhiteTeam "Württemberg 1"]
[BlackTeam "Baden 2"]
[PlyCount "110"]
[WhiteFideId "12944017"]
[BlackFideId "12904392"]
[EventCountry "GER"]
[EventRounds "7"]
[EventType "team-swiss"]
[EventDate "2018.10.02"]

1. Nf3 {[%clk 1:30:57]} Nf6 {[%clk 1:30:02]} 2. d4 {[%clk 1:31:17]} d5 {[%clk
1:29:48]} 3. c4 {[%clk 1:31:38]} e6 {[%clk 1:30:10]} 4. Nc3 {[%clk 1:31:59]} c5
{[%clk 1:29:00]} 5. cxd5 {[%clk 1:32:07]} Nxd5 {[%clk 1:28:04]} 6. g3 {[%clk
1:32:18]} Nc6 {[%clk 1:22:46]} 7. Bg2 {[%clk 1:32:16]} Be7 {[%clk 1:21:33]} 8.
O-O {[%clk 1:32:10]} O-O {[%clk 1:21:21]} 9. e4 {[%clk 1:32:27]} Nxc3 {[%clk
1:18:24]} 10. bxc3 {[%clk 1:32:50]} b6 {[%clk 1:15:11]} 11. Bb2 {[%clk
1:26:14]} Bb7 12. Rc1 {[%clk 1:25:26]} Na5 {[%clk 1:11:16]} 13. Qd3 {[%clk
1:20:22]} b5 {[%clk 1:01:35]} 14. Nd2 {[%clk 1:13:45]} a6 {[%clk 0:59:12]} 15.
f4 {[%clk 1:12:13]} c4 {[%clk 0:51:42]} 16. Qe2 {[%clk 1:10:34]} f5 {[%clk
0:47:42]} 17. Rce1 {[%clk 1:07:19]} Bd6 {[%clk 0:42:34]} 18. g4 {[%clk
0:59:17]} fxe4 {[%clk 0:37:51]} 19. Nxe4 {[%clk 0:55:15]} Bxf4 {[%clk 0:33:40]}
20. Nc5 {[%clk 0:53:27]} Bxg2 {[%clk 0:32:10]} 21. Qxg2 {[%clk 0:53:46]} Qd6
{[%clk 0:31:47]} 22. Rxf4 {[%clk 0:43:05]} Qxf4 {[%clk 0:31:26]} 23. Nxe6
{[%clk 0:43:24]} Qd6 {[%clk 0:29:36]} 24. Nxf8 {[%clk 0:43:21]} Rxf8 {[%clk
0:30:04]} 25. Qe4 {[%clk 0:36:08]} Kh8 {[%clk 0:28:35]} 26. Rf1 {[%clk
0:31:20]} Rxf1+ {[%clk 0:27:14]} 27. Kxf1 {[%clk 0:31:49]} h6 {[%clk 0:27:28]}
28. Kg2 {[%clk 0:31:06]} Nc6 {[%clk 0:25:56]} 29. Bc1 {[%clk 0:30:16]} Ne7
{[%clk 0:25:01]} 30. Qa8+ {[%clk 0:26:14]} Kh7 {[%clk 0:24:32]} 31. Qe4+ {[%clk
0:24:10]} Kg8 {[%clk 0:22:27]} 32. Bf4 {[%clk 0:18:52]} Qd5 {[%clk 0:22:21]}
33. Kf3 {[%clk 0:18:01]} Kf7 {[%clk 0:22:11]} 34. Ke3 {[%clk 0:18:14]} Qxe4+
{[%clk 0:19:29]} 35. Kxe4 {[%clk 0:18:31]} Ke6 {[%clk 0:19:59]} 36. h4 {[%clk
0:15:00]} Nd5 {[%clk 0:18:36]} 37. Bd2 {[%clk 0:15:28]} Nf6+ {[%clk 0:18:19]}
38. Kf4 {[%clk 0:11:14]} Kd5 {[%clk 0:17:26]} 39. a3 {[%clk 0:01:22]} Ne4
{[%clk 0:16:00]} 40. Be1 {[%clk 0:01:51]} g6 {[%clk 0:16:13]} 41. Kf3 {[%clk
0:25:51]} a5 {[%clk 0:43:53]} 42. Ke3 {[%clk 0:18:32]} a4 {[%clk 0:42:24]} 43.
Bd2 {[%clk 0:17:22]} h5 {[%clk 0:40:58]} 44. gxh5 {[%clk 0:14:58]} gxh5 {[%clk
0:40:01]} 45. Be1 {[%clk 0:15:20]} Nd6 {[%clk 0:40:16]} 46. Bf2 {[%clk
0:11:52]} b4 {[%clk 0:39:31]} 47. cxb4 {[%clk 0:11:05]} Nb5 {[%clk 0:39:57]}
48. Kd2 {[%clk 0:07:21]} Nxa3 {[%clk 0:38:27]} 49. Kc3 {[%clk 0:07:40]} Nb5+
{[%clk 0:38:53]} 50. Kb2 {[%clk 0:07:57]} c3+ {[%clk 0:39:19]} 51. Kc2 {[%clk
0:08:00]} Kc4 {[%clk 0:39:45]} 52. d5 {[%clk 0:07:10]} a3 {[%clk 0:40:10]} 53.
d6 {[%clk 0:07:09]} a2 {[%clk 0:40:36]} 54. d7 {[%clk 0:07:24]} a1=Q {[%clk
0:40:55]} 55. d8=Q {[%clk 0:07:49]} Na3# 0-1

[Event "Deutsche Ländermeisterschaft 2018"]
[Site "Würzburg GER"]
[Date "2018.10.07"]
[Round "7"]
[White "Joeres, Stefan"]
[Black "Walter, Kevin"]
[Result "1-0"]
[Termination "normal"]
[Board "5.2"]
[WhiteElo "2039"]
[BlackElo "2196"]
[WhiteClock "00:25:05"]
[BlackClock "00:01:33"]
[WhiteTeam "Baden 2"]
[BlackTeam "Württemberg 1"]
[PlyCount "143"]
[WhiteFideId "12983160"]
[BlackFideId "12906654"]
[EventCountry "GER"]
[EventRounds "7"]
[EventType "team-swiss"]
[EventDate "2018.10.02"]

1. e4 {[%clk 1:30:57]} c5 {[%clk 1:30:29]} 2. Nf3 {[%clk 1:31:25]} d6 {[%clk
1:30:01]} 3. d4 {[%clk 1:31:49]} cxd4 {[%clk 1:30:23]} 4. Nxd4 {[%clk 1:32:16]}
Nf6 {[%clk 1:29:52]} 5. Nc3 {[%clk 1:32:39]} a6 {[%clk 1:29:44]} 6. a3 {[%clk
1:31:55]} e6 {[%clk 1:29:01]} 7. Be3 {[%clk 1:30:33]} Nbd7 {[%clk 1:27:01]} 8.
Nb3 {[%clk 1:27:51]} Be7 {[%clk 1:22:52]} 9. Be2 {[%clk 1:25:59]} Qc7 {[%clk
1:21:47]} 10. f4 {[%clk 1:21:47]} b5 {[%clk 1:16:57]} 11. Bf3 {[%clk 1:17:54]}
Bb7 {[%clk 1:16:00]} 12. O-O {[%clk 1:17:55]} O-O {[%clk 1:14:22]} 13. Qe1
{[%clk 1:15:48]} Rac8 {[%clk 1:08:29]} 14. Qf2 {[%clk 1:11:26]} e5 {[%clk
1:01:26]} 15. f5 {[%clk 0:55:18]} Nc5 {[%clk 1:00:58]} 16. Nxc5 {[%clk
0:55:09]} dxc5 {[%clk 1:01:20]} 17. Rad1 {[%clk 0:47:53]} Rfd8 {[%clk 1:00:19]}
18. Bg5 {[%clk 0:40:53]} b4 {[%clk 0:31:51]} 19. Bxf6 {[%clk 0:39:55]} Bxf6
{[%clk 0:31:41]} 20. Nb1 {[%clk 0:39:38]} a5 {[%clk 0:28:05]} 21. Qe2 {[%clk
0:35:52]} c4 {[%clk 0:22:09]} 22. c3 {[%clk 0:33:02]} bxa3 {[%clk 0:19:52]} 23.
Nxa3 {[%clk 0:32:11]} Ba6 {[%clk 0:16:25]} 24. Rd5 {[%clk 0:28:51]} Rb8 {[%clk
0:15:00]} 25. g3 {[%clk 0:27:38]} Be7 {[%clk 0:14:03]} 26. Kh1 {[%clk 0:24:24]}
Rxd5 {[%clk 0:05:19]} 27. exd5 {[%clk 0:24:36]} Rb3 {[%clk 0:05:00]} 28. Nb1
{[%clk 0:24:10]} Bd6 {[%clk 0:04:12]} 29. f6 {[%clk 0:21:19]} g6 {[%clk
0:04:19]} 30. Be4 {[%clk 0:19:43]} Qc5 {[%clk 0:03:39]} 31. Qd2 {[%clk
0:19:28]} Bb7 {[%clk 0:03:25]} 32. Rf2 {[%clk 0:17:14]} Bf8 {[%clk 0:02:10]}
33. Re2 {[%clk 0:16:41]} Bc8 {[%clk 0:00:43]} 34. Kg2 {[%clk 0:16:33]} Bg4
{[%clk 0:00:46]} 35. Rf2 {[%clk 0:16:36]} Qb6 {[%clk 0:00:39]} 36. Na3 {[%clk
0:15:28]} Qc5 {[%clk 0:00:43]} 37. h3 {[%clk 0:15:39]} Bc8 {[%clk 0:00:59]} 38.
Qe2 {[%clk 0:15:48]} Ba6 {[%clk 0:01:02]} 39. h4 {[%clk 0:14:38]} Bh6 {[%clk
0:00:43]} 40. h5 {[%clk 0:14:17]} Be3 {[%clk 0:00:36]} 41. Rf1 {[%clk 0:09:40]}
Bh6 {[%clk 0:27:48]} 42. hxg6 {[%clk 0:40:10]} hxg6 {[%clk 0:27:22]} 43. Rh1
{[%clk 0:31:43]} Qe3 {[%clk 0:26:04]} 44. Qxe3 {[%clk 0:30:43]} Bxe3 {[%clk
0:26:23]} 45. Rb1 {[%clk 0:30:35]} Bg5 {[%clk 0:26:13]} 46. Bf3 {[%clk
0:30:28]} Bxf6 {[%clk 0:20:06]} 47. Be2 {[%clk 0:29:15]} e4 {[%clk 0:18:45]}
48. Bxc4 {[%clk 0:29:08]} Bxc4 {[%clk 0:13:06]} 49. Nxc4 {[%clk 0:29:36]} Bxc3
{[%clk 0:12:27]} 50. d6 {[%clk 0:29:52]} Bf6 {[%clk 0:11:10]} 51. Nxa5 {[%clk
0:29:56]} Rd3 {[%clk 0:09:15]} 52. Nc4 {[%clk 0:29:33]} Bg7 {[%clk 0:07:17]}
53. Ra1 {[%clk 0:24:31]} Bf8 {[%clk 0:05:30]} 54. Ra6 {[%clk 0:20:44]} f5
{[%clk 0:02:16]} 55. b4 {[%clk 0:20:01]} g5 {[%clk 0:01:34]} 56. b5 {[%clk
0:18:33]} f4 {[%clk 0:01:54]} 57. gxf4 {[%clk 0:18:58]} gxf4 {[%clk 0:02:22]}
58. b6 {[%clk 0:19:22]} Bxd6 {[%clk 0:01:44]} 59. Nxd6 {[%clk 0:19:37]} Rxd6
{[%clk 0:00:33]} 60. b7 {[%clk 0:20:06]} Rd2+ {[%clk 0:00:33]} 61. Kf1 {[%clk
0:20:34]} Rd1+ {[%clk 0:00:33]} 62. Ke2 {[%clk 0:21:03]} Rb1 {[%clk 0:00:42]}
63. Ra8+ {[%clk 0:21:30]} Kf7 {[%clk 0:01:05]} 64. b8=Q {[%clk 0:21:55]} Rxb8
{[%clk 0:00:54]} 65. Rxb8 {[%clk 0:22:24]} Ke6 {[%clk 0:01:17]} 66. Rb5 {[%clk
0:22:51]} Kf6 {[%clk 0:01:41]} 67. Kd2 {[%clk 0:23:03]} Ke6 {[%clk 0:01:40]}
68. Kc3 {[%clk 0:23:26]} f3 {[%clk 0:00:45]} 69. Kd4 {[%clk 0:23:46]} f2 {[%clk
0:00:55]} 70. Rb1 {[%clk 0:24:12]} Kf5 {[%clk 0:01:17]} 71. Ke3 {[%clk
0:24:38]} Kg4 {[%clk 0:01:33]} 72. Kxf2 {[%clk 0:25:05]} 1-0